Central Library OPAC University of Rajshahi

The nature of psychotherapy : (Record no. 1414)

MARC details
000 -LEADER
fixed length control field 00865cam a2200277I 4500
001 - CONTROL NUMBER
control field 1414
003 - CONTROL NUMBER IDENTIFIER
rucl marc code BD-RjUL
005 - DATE AND TIME OF LATEST TRANSACTION
control field 20211208233332.0
008 - FIXED-LENGTH DATA ELEMENTS--GENERAL INFORMATION
fixed length control field 131125r1965 ilu 00|00 engmd
035 ## - SYSTEM CONTROL NUMBER
System control number (BD-RjUL)1436
040 ## - CATALOGING SOURCE
Original cataloging agency DLC
Transcribing agency DLC
Modifying agency OCL
-- SER
-- BD-RjUL
Language of cataloging eng
041 1# - LANGUAGE CODE
Language code of text/sound track or separate title eng
Language code of original ger
082 ## - DEWEY DECIMAL CLASSIFICATION NUMBER
Edition number 16
Classification number 616.8914
Author mark and year JAN 1965
090 ## - LOCALLY ASSIGNED LC-TYPE CALL NUMBER (OCLC); LOCAL CALL NUMBER (OCLC)
Classification number (OCLC) (R) ; Classification number, CALL (RLIN) (NR) RC480.5
Local cutter number (OCLC) ; Book number/undivided call number, CALL (RLIN) .J2 1965
100 10 - MAIN ENTRY--PERSONAL NAME
Personal name Jaspers, Karl,
Dates associated with a name 1883-1969.
9 (RLIN) 3367
245 14 - TITLE STATEMENT
Title The nature of psychotherapy :
Remainder of title a critical appraisal /
Statement of responsibility, etc. Translated by J. Hoenig & Marian W. Hamilton.
260 ## - PUBLICATION, DISTRIBUTION, ETC. (IMPRINT)
Place of publication, distribution, etc. Chicago:
Name of publisher, distributor, etc. University of Chicago Press
Date of publication, distribution, etc. 1965
300 ## - PHYSICAL DESCRIPTION
Pagination xi, 52 p.
Size 21 cm.
490 0# - SERIES STATEMENT
Series statement Phoenix books.
500 ## - GENERAL NOTE
General note An extract from the author's General psychopathology.
504 ## - BIBLIOGRAPHY, ETC. NOTE
Bibliography, etc Includes Index
650 #0 - SUBJECT ADDED ENTRY--TOPICAL TERM
Topical term or geographic name as entry element Psychotherapy.
9 (RLIN) 4176
Topical term or geographic name as entry element Psychotherapy.
9 (RLIN) 4177
942 ## - ADDED ENTRY ELEMENTS (KOHA)
Source of classification or shelving scheme Dewey Decimal Classification
Koha item type Books
Holdings
Lost status Source of classification or shelving scheme Damaged status Not for loan Collection code Permanent Location Current Location Shelving location Date acquired Source of acquisition Cost, normal purchase price Total Checkouts Full call number Date last seen Copy number Koha item type
  Dewey Decimal Classification     Non-fiction Central Library, University of Rajshahi Central Library, University of Rajshahi   05/09/1970 Zeitliger 14.00   616.8914 JAN 1965 25/11/2013 C-2 Books